000 00681nam a2200229 i 4500
001 16369
003 ES-MaACL
005 20230906151314.0
007 t|
008 000904s2000 sp ||||1| spa d
020 _a84-8319-078-8
080 _a631.528
080 _a579.64
100 1 _aRiechmann, Jorge.
_997073
245 1 0 _aCultivos y alimentos transgénicos
_b: una guía crítica /
_cJorge Riechmann ; prólogo de Ramón Folch.
250 _a1ª ed.
260 _aMadrid :
_bLos Libros de la Catarata,
_c2000.
300 _a221 p. ;
_c20 cm.
650 1 4 _aBiotecnología agraria.
_910596
700 1 _aFolch, Ramón.
_951442
852 _aES-MaACL
_jL-23522
_bR.128804
999 _c16369
_d16369